000 00752nam a22002057a 4500
001 7317
003 KOSZ 005
005 20171130101537.0
008 160217b1975 pl ||||| |||| 00| 0 pol
040 _cBPK
_dKOSZ 005/EG
100 1 _aMOŚCICKI, Adam.
_d1973 - 1996 .
_bWyższa Szkoła Inżynierska w Koszalinie - Instytut Nauk Społecznych
245 1 0 _aMateriały z drugiej konferencji dydaktycznej /
_cred. Adam Mościcki.
260 _aKoszalin :
_bWydaw. Uczelniane Wyższej Szkoły Inżynierskiej,
_c1975.
300 _a52 s. :
_btabl., wykr.
490 _aMateriały Informacyjne ;
_vnr 1
500 _aDane z kartoteki bpp.
655 0 _aMateriały konferencyjne.
830 _aMateriały Informacyjne ;
_vnr 1
942 _cKS
_2UKD
999 _c7317
_d7317